1698 1211 1758 1167 1069 1704 1201 1565 1312 1335 1844 1954 1101 1476 1595 1794 1430 1177 1074 1061 1823 1412 1250 1813 1669 1895 1087 1224 1191 1251 1255 1078 1049 1874 1601 1268 1701 1447 1657 1514 1408 1838 1257 1684 1762 1234 1980 1702 1569 1153 1510 1593 1101 1162 1300 1084 1084 1203 1984 1790 1823 1762 1336 1832 1039 1074 1406 1761 1708 1266 1598 1717 1272 1023 1807 1000 1836 1431 1226 1077 1247 1815 1819 1160 1497 1533 1777 1778 1169 1303 1614 1606 1065 1622 1300 1557 1851 1201 1947 BCNSPRNW ULIB Ver.6.0+V

เปลี่ยนเป็นภาษาไทย

Change to English
 แสดงรายละเอียดบรรณานุกรม
  กลับหน้าหลัก

Brief Record : Get Marc (ISO 2709) : E-mail record : QR code < ปิดหน้าต่าง
LEADER : 00000nam 2200000uu 4500
001    13399113530
003     ULIB
008    111124sมปป.||||th 000 0 tha d
020    ^a9789741619177
090    ^aนว.^bม719B
100 0  ^aมิ้นตี้
245 00 ^aBe Careful! ภารกิจลับทะลวงใจ/^cมิ้นตี้
250    ^aพิมพ์ครั้งที่ 1
260    ^aกรุงเทพฯ :^bแจ่มใส
300    ^a201 หน้า
710 1  ^aแจ่มใส
945    ^p149^l0^i15406
995    ^aกัณชพร
999    ^aใช้งานได้ทุกระบบ
รายการนี้ยังไม่มีแท็ก
คุณยังไม่ได้ล็อกอิน คุณสามารถมีกิจกรรมร่วมกับเว็บไซต์ได้ แต่ต้องล็อกอินก่อน ::
  ล็อกอิน

รายการสื่อสารสนเทศ

ลำดับที่ ประเภท เลขเรียก/บาร์โค้ด สถานที่ สถานะ
1. นวนิยาย
นวนิยาย
นว. ม719B  
  Barcode: 15406
ห้องสมุดวิทยาเขตสวรรค์ประชารักษ์
►นวนิยาย
บนชั้น
  ขอยืม

รายการใกล้เคียง
    ผู้แต่ง [มิ้นตี้]

BibComment


ยังไม่เคยถูกคอมเมนท์

คอมเมนท์ทรัพยากรรายการนี้
  คอมเมนท์: Be Careful ภารกิ..


 Copyright 2026. Bcnsprnw @Library